Tour de France Femmes Podium - Statistics

General Stats
  • This quiz has been taken 22 times
    11 since last reset
  • The average score is 4 of 6
Answer Stats
Year Cyclist % Correct
2022 - 2023 - 2024 - 2025 Demi Vollering
100%
2025 Pauline Ferrand-Prevot
91%
2022 - 2023 - 2024 - 2025 Katarzyna Niewiadoma
82%
2022 Annemiek Van Vleuten
73%
2023 Lotte Kopecky
64%
2024 Pauliena Rooijakkers
27%
No matching quizzes found
Score Distribution
Percent of People with Each Score
Percentile by Number Answered
Your Score History
You have not taken this quiz since the last reset